Barbas, pelos y cenizas / (Registro nro. 122)
[ vista simple ]
| 000 -CABECERA | |
|---|---|
| Longitud fija campo de control | 00987nam a2200277 a 4500 |
| 003 - • IDENTIFICADOR DELl NÚMERO DE CONTROL | |
| Identificador del número de control | CO-ViMGA |
| 005 - • FECHA Y HORA DE LA ÚLTIMA TRANSACCIÓN | |
| Fecha y hora de la última transacción | 20230915224038.0 |
| 008 - • CÓDIGOS DE INFORMACIÓN DE LONGITUD FIJA | |
| Códigos de información de longitud fija | 151215s2013 ck a gr 0001j spa d |
| 020 ## - • NÚMERO INTERNACIONAL NORMALIZADO PARA LIBROS | |
| Número Internacional Normalizado para Libros (ISBN) | 9789588827001 |
| 040 ## - FUENTE DE LA CATALOGACIÓN | |
| Centro catalogador de origen | CO-ViMGA |
| Lengua de catalogación | spa |
| Centro transcriptor | CO-ViMGA |
| 082 04 - • NÚMERO DE LA CLASIFICACIÓN DECIMAL DEWEY | |
| Número de clasificación (R) | I808.83 |
| Número del ítem | B17 |
| Número de edición | 19 |
| 245 10 - • TITULO PROPIAMENTE DICHO | |
| Título | Barbas, pelos y cenizas / |
| Mención de responsabilidad, etc. | ilustrador Daniel Gómez. |
| 250 ## - • MENCIÓN DE EDICIÓN | |
| Mención de edición | Editor Moisés Melo. |
| 300 ## - • DESCRIPCIÓN FÍSICA | |
| Extensión | 32 páginas : |
| Otras características físicas | ilustraciones ; |
| Dimensiones | 28 cm. |
| 490 1# - • MENCIÓN DE SERIE | |
| Mención de serie | Leer es mi cuento ; |
| Designación de volumen o secuencia | 4 |
| 490 1# - • MENCIÓN DE SERIE | |
| Mención de serie | Plan Nacional de Lectura y Escritura |
| 650 #4 - • PUNTO DE ACCESO ADICIONAL DE MATERIA - TÉRMINO DE MATERIA | |
| Término de materia o nombre geográfico como elemento inicial | Cuentos infantiles |
| Subdivisión de forma | Colecciones. |
| 650 #4 - • PUNTO DE ACCESO ADICIONAL DE MATERIA - TÉRMINO DE MATERIA | |
| Término de materia o nombre geográfico como elemento inicial | Diablo |
| Subdivisión de forma | Cuentos infantiles. |
| 650 #4 - • PUNTO DE ACCESO ADICIONAL DE MATERIA - TÉRMINO DE MATERIA | |
| Término de materia o nombre geográfico como elemento inicial | Pobreza |
| Subdivisión de forma | Cuentos infantiles. |
| 650 #4 - • PUNTO DE ACCESO ADICIONAL DE MATERIA - TÉRMINO DE MATERIA | |
| Término de materia o nombre geográfico como elemento inicial | Riqueza |
| Subdivisión de forma | Cuentos infantiles. |
| 700 1# - • PUNTO DE ACCESO ADICIONAL - NOMBRE DE PERSONA | |
| Nombre de persona | Gómez, Daniel, |
| Término indicativo de función | ilustrador. |
| 700 1# - • PUNTO DE ACCESO ADICIONAL - NOMBRE DE PERSONA | |
| Nombre de persona | Melo, Moisés, |
| Término indicativo de función | editor. |
| 942 ## - ENTRADA DE ELEMENTOS AGREGADOS (KOHA) | |
| Fuente de clasificaión o esquema | Dewey Decimal Classification |
| Koha [por defecto] tipo de item | LIbro |
| Perdido | Fuente de clasificación o esquema | Estado Físico | No para préstamo | Forma de adquisición | Localización permanente | Localización actual | Fecha adquisición | Préstamos totales | Signatura completa | Código de barras | Fecha última consulta | Fecha último préstamo | Número de copia | Fecha del precio de reemplazo | Tipo de item de Koha | Localización en estanterías | Note pública | Fuente de adquisición |
|---|---|---|---|---|---|---|---|---|---|---|---|---|---|---|---|---|---|---|
| Dewey Decimal Classification | Colección General | Biblioteca Pública Cumaral - Alvaro Garzon Torres | Biblioteca Pública Cumaral - Alvaro Garzon Torres | 10/03/2024 | ELI1 | CUM1601 | 10/03/2024 | Ej.1 | 10/03/2024 | LIbro | Literatura | |||||||
| Dewey Decimal Classification | Infantil | Biblioteca Pública San Carlos de Guaroa - Eduardo Carranza | Biblioteca Pública San Carlos de Guaroa - Eduardo Carranza | 12/03/2025 | C BAR | SG04400 | 12/03/2025 | Ej.1 | 12/03/2025 | LIbro | ||||||||
| Dewey Decimal Classification | Infantil | Biblioteca Pública San Carlos de Guaroa - Eduardo Carranza | Biblioteca Pública San Carlos de Guaroa - Eduardo Carranza | 12/04/2025 | I808.83 B17 | SG04422 | 12/04/2025 | Ej.1 | 12/04/2025 | LIbro | Sala Infantil | |||||||
| Dewey Decimal Classification | Sala General | Biblioteca Barrio Emporio - Villavicencio | Biblioteca Barrio Emporio - Villavicencio | 03/28/2017 | 1 | I808.83 B17 | 031740 | 09/19/2017 | 09/18/2017 | Ej. 1 | 03/28/2017 | LIbro | ||||||
| Colección Sala Infantil de Literatura Pocatil y Tilín | Biblioteca Pública Departamental Eduardo Carranza - Villavicencio | Biblioteca Pública Departamental Eduardo Carranza - Villavicencio | 07/01/2014 | C BAR | ECA22789 | 11/26/2024 | Ej.1 | 11/26/2024 | LIbro | Sala Infantil | 16908 | 21786 | |||||||
| Colección Sala Infantil de Literatura Pocatil y Tilín | Biblioteca Pública Departamental Eduardo Carranza - Villavicencio | Biblioteca Pública Departamental Eduardo Carranza - Villavicencio | 07/01/2014 | C BAR | ECA22787 | 11/26/2024 | Ej.2 | 11/26/2024 | LIbro | Sala Infantil | 16908 | 21784 | |||||||
| Colección Sala Infantil de Literatura Pocatil y Tilín | Biblioteca Pública Departamental Eduardo Carranza - Villavicencio | Biblioteca Pública Departamental Eduardo Carranza - Villavicencio | 07/01/2014 | C BAR | ECA22788 | 11/26/2024 | Ej.3 | 11/26/2024 | LIbro | Sala Infantil | 16908 | 21785 | |||||||
| Dewey Decimal Classification | Infantil | Biblioteca Pública Granada - Boca del Monte | Biblioteca Pública Granada - Boca del Monte | 02/16/2026 | I808.83 B17 | GRDA00711 | 02/16/2026 | Ej.1 | 02/16/2026 | LIbro | Sala Infantil | BIBLIOTECA NACIONAL |